El primer Fausto; todavia más allá del otro océano
Guardat en:
| Autor principal: | |
|---|---|
| Format: | Llibre |
| Idioma: | espanyol |
| Publicat: |
Ciudad de México
Fondo de Cultura Económica
1984
|
| Col·lecció: | Cuadernos de la gaceta, 2
|
| Matèries: | |
| Etiquetes: |
Afegir etiqueta
Sense etiquetes, Sigues el primer a etiquetar aquest registre!
|
MARC
| LEADER | 00000nam a2200000 a 4500 | ||
|---|---|---|---|
| 001 | UCX2678 | ||
| 003 | CL-VaPUC | ||
| 008 | 910722e19840000MX |||||||||||||||||spa|d | ||
| 082 | 0 | 4 | |a P869.03 |b PES |2 21 |
| 100 | 0 | |a Pessoa, Fernando |e author |9 318725 | |
| 245 | 1 | 3 | |a El primer Fausto; todavia más allá del otro océano |
| 300 | |a 78 p | ||
| 942 | |c BK | ||
| 945 | |d 19910722 00:00:00 | ||
| 260 | |a Ciudad de México |b Fondo de Cultura Económica |c 1984 | ||
| 650 | 0 | |a Poesías portuguesas |9 268079 | |
| 583 | |a last modification |c 19910722 00:00:00 |k Rodrigo Vera | ||
| 490 | 0 | |a Cuadernos de la gaceta, 2 | |
| 999 | |c 223647 |d 223645 | ||
| 952 | |0 0 |1 0 |4 0 |6 P_869_030000000000000_PES_1984 |7 0 |8 A |9 219655 |a BIBEDU |b BIBEDU |d 2019-11-15 |i 2883473 |l 1 |o P869.03 PES 1984 |p 2883473 |r 2024-06-12 |s 2024-06-12 |w 2019-11-15 |y BK |k LIT | ||